| 000 | 00579nam a2200241 a 4500 | ||
|---|---|---|---|
| 001 | nice12345678 | ||
| 003 | IN_TiNIC | ||
| 005 | 20260116011445.0 | ||
| 008 | 050524s1907 phia grp 000 0 eng | ||
| 020 |
_a _c100 |
||
| 082 | 0 | 0 |
_a220.3 _bDAV |
| 100 | _aDavis, J D | ||
| 245 | _aDictionary of the Bible | ||
| 260 |
_aPhiladelphia _bWestminster Press _c1907 |
||
| 300 | _a802p | ||
| 500 | _aincludes index and biblioraphy | ||
| 505 | 2 | _aAppendix, Indices | |
| 650 | _aBible-Dictionaries | ||
| 700 | 1 | _aDavis, J D | |
| 902 | _bSRS | ||
| 942 | _cBK | ||
| 999 |
_c1704 _d1704 |
||